000 01034nam a22002657a 4500
999 _c5647
_d5647
003 OSt
005 20251013110001.0
008 251013b ||||| |||| 00| 0 eng d
020 _a9781474915083
_qbook set
040 _cKH8
082 _aFIC RAW
100 _aRawson, Christopher.
_eauthor.
245 _aStories of Dragons /
_cChristopher Rawson ; adapted by Lesley Sims ;illustrated by Stephen Cartwright
260 _aEngland ;
_bUsborne Publishing Ltd ,
_c2007.
300 _a48 pages :
_bcolour illustrations ;
_c20 cm.
490 _aUsborne Young Reading
_vseries one
520 _aStan must outwit a dragon to feed his hungry childre. Victor must persuade two dragons not to eat him. And Tom, who caught a worm-dragon fishing, must somehow get rid of it. Will they succeed?
650 _aEasy reading
_vfiction
650 _aStory book
_vfiction
650 _aYoung readers
700 _aSims, Lesley,
_eadaptor.
700 _aCartwright, Stephen,
_eillustrator.
830 _aUsborne Young Reading
942 _2ddc
_cFIC